LIBRARY & INFORMATION CENTRE, KCAET, TAVANUR

ONLINE PUBLIC ACCESS CATALOGUE (OPAC)

Who`s who of Indian writers (Record no. 8888)

MARC details
000 -LEADER
fixed length control field 00355cam a2200157ua 4500
041 ## - LANGUAGE CODE
Language code of text/sound track or separate title eng
082 ## - DEWEY DECIMAL CLASSIFICATION NUMBER
Classification number 028.76
Item number SAH/WH
100 ## - MAIN ENTRY--AUTHOR NAME
Personal name Sahitya academy, .
245 ## - TITLE STATEMENT
Title Who`s who of Indian writers
250 ## - EDITION STATEMENT
Edition statement 1 /
260 ## - PUBLICATION, DISTRIBUTION, ETC. (IMPRINT)
Place of publication New Delhi :
Name of publisher Sahitya Academy ,
Year of publication 1961.
300 ## - PHYSICAL DESCRIPTION
Number of Pages 410 ; .
942 ## - ADDED ENTRY ELEMENTS (KOHA)
Koha item type Books
Holdings
Withdrawn status Lost status Damaged status Home library Current library Date acquired Cost, normal purchase price Full call number Accession Number Koha item type
Withdrawn     KAUAET KAUAET 07/04/2012 10.00 028.76 7872 Books
free website counter